000 00521nam a2200169Ia 4500
008 090711s9999 xx 000 0 und d
082 _b64440
100 _aहरकारे अरुण
245 _aकर्तव्य आणि पैसा
260 _c1987
300 _a175
600 _aहरकारे अरुण
630 _aकर्तव्य आणि पैसा
700 _aहरकारे अरुण
730 _aकर्तव्य आणि पैसा
942 _cBOOK
999 _c298730
_d298730